[Event "IND-ch U25 26th"]
[Site "Port Blair"]
[Date "2017.07.13"]
[Round "1"]
[White "Jayakumaar, S."]
[Black "Mehul, Gupta"]
[Result "1-0"]
[WhiteElo "2173"]
[BlackElo "1349"]
[PlyCount "57"]
[EventDate "2017.07.13"]
[EventType "swiss"]
[EventRounds "9"]
[EventCountry "IND"]
[SourceTitle "EXT 2018"]
[Source "ChessBase"]
[SourceDate "2017.10.13"]
[SourceVersion "1"]
[SourceVersionDate "2017.10.13"]
[SourceQuality "1"]

1. e4 e5 2. Nf3 Nc6 3. Nc3 Nf6 4. d4 exd4 5. Nxd4 Bb4 6. Nxc6 bxc6 7. Bd3 d5 8. exd5 cxd5 9. 0-0 0-0 10. Bg5 Be6 11. Ne2 Bd6 12. Nd4 h6 13. Bh4 Rb8 14. Nc6 Bxh2+ 15. Kh1 Qd6 16. Nxb8 Ng4 17. Nc6 g5 18. Be2 h5 19. Nd4 gxh4 20. Nxe6 Bg1 21. f4 Ne3 22. Qd3 Qxe6 23. Kxg1 h3 24. Rf3 Qg4 25. g3 Nf5 26. Re3 Qg6 27. Re5 f6 28. Rxf5 h4 29. Rg5 1-0